TOP 50 rappeurs US de l'Histoire - Statistiques

Statistiques générales
  • Ce quiz a été pris 885 fois
  • Le résultat moyen est 19 sur 105
Statistiques - réponses
Rapper % Correct
Eminem
85%
2pac
82%
Drake
80%
Kendrick Lamar
72%
50 Cent
69%
Travis Scott
67%
Dr Dre
66%
The Notorious B.I.G
65%
Kanye West
64%
Snoop Dogg
62%
Jay-Z
60%
Lil Wayne
59%
Ice Cube
56%
Future
54%
Nas
52%
Young Thug
42%
Eazy-E
38%
21 Savage
37%
J.Cole
36%
Pop Smoke
32%
Nicki Minaj
30%
Tyler The creator
27%
André 3000
25%
Rick Ross
23%
A$AP Rocky
22%
DMX
22%
Kid Cudi
21%
Mac Miller
21%
Gucci Mane
20%
Method Man
20%
The Game
20%
Wiz Khalifa
19%
XXX Tentation
19%
Chief Keef
17%
MF DOOM
17%
Fat Joe
16%
Rakim
16%
T.I.
16%
Pusha T
15%
Big Pun
14%
Busta Rhymes
14%
Lauryn Hill
14%
Ludacris
14%
Prodigy
14%
Raekwon
13%
Big L
12%
Coolio
12%
Ghostface Killah
12%
GZA
12%
Redman
12%
Xzibit
12%
Havoc
11%
Ice-T
11%
LL Cool J
11%
ScHoolboy Q
10%
Warren G
10%
Common
9%
Missy Elliot
9%
Big Boi
8%
Freddie Gibbs
8%
JaRule
8%
Lil Kim
8%
MC Ren
8%
Mos Def
8%
Scarface
7%
Big Daddy Kane
6%
Kurupt
6%
Ol' Dirty Bastard
6%
Q-Tip
6%
YG
6%
Jadakiss
5%
KRS-One
5%
Young Jeezy
5%
Inspectah Deck
4%
AZ
3%
Black Thought
3%
Chuck D
3%
E-40
3%
Lloyd Banks
3%
Masta Killa
3%
Queen Latifah
3%
Royce da 5'9
3%
Slick RIck
3%
B-Real
2%
Immortal Technique
2%
Masta Ace
2%
Twista
2%
Will I am
2%
Big Noyd
1%
Chamillionaire
1%
Daz Dillinger
1%
Foxy Brown
1%
Jeru the Damaja
1%
Kurtis Blow
1%
Mack 10
1%
Memphis Bleek
1%
RBX
1%
WC
1%
Yelawolf
1%
Bizzy Bone
0%
Keith Murray
0%
Krayzie Bone
0%
Ras Kass
0%
Rev-Run
0%
Too $hort
0%
Aucun quiz correspondant
Distribution des résultats
% des personnes avec chaque résultat
Percentile par nombre de réponses
Votre historique - résultats
Vous n’avez pas pris ce quiz